CARINE BARBAFIERI, Atrée et Céladon. La galanterie dans le théâtre tragique de la France classique (1634-1702). Presses universitaires de Rennes, collection « Interférences », 2006. Un vol. de 391 p. (notice n° 1654501)

détails MARC
000 -LEADER
fixed length control field 01437cam a2200157 4500500
005 - DATE AND TIME OF LATEST TRANSACTION
control field 20260208005939.0
041 ## - LANGUAGE CODE
Language code of text/sound track or separate title fre
042 ## - AUTHENTICATION CODE
Authentication code dc
100 10 - MAIN ENTRY--PERSONAL NAME
Personal name Collinet, Jean-Pierre
Relator term author
245 00 - TITLE STATEMENT
Title CARINE BARBAFIERI, Atrée et Céladon. La galanterie dans le théâtre tragique de la France classique (1634-1702). Presses universitaires de Rennes, collection « Interférences », 2006. Un vol. de 391 p.
260 ## - PUBLICATION, DISTRIBUTION, ETC.
Date of publication, distribution, etc. 2008.<br/>
500 ## - GENERAL NOTE
General note 43
520 ## - SUMMARY, ETC.
Summary, etc. Scipion Dupleix ne cesse d’écrire tout au long de son parcours de magistrat. A plus de 85ans, l’historiographe du roi forme encore de nouveaux projets : en 1654, il ambitionne ainsi de composer une Vie du duc d’Épernon, le favori d’Henri III auquel il avait déjà dédié son Histoire de ce monarque. Présentant le dessein et la structure du livre, son avant-propos illustre les conditions dans lesquelles écrit l’auteur, qui soumet son projet au fils de son héros en lui demandant des mémoires. Il témoigne aussi d’un style, affiné pendant un demi-siècle, et d’une technique d’écriture. Il confirme enfin le statut remarquable d’un Gascon, reconnu à la Cour, mais fidèle à sa province et à ses gloires.
786 0# - DATA SOURCE ENTRY
Note Revue d'histoire littéraire de la France | 108 | 4 | 2008-12-21 | p. 955h-1018h | 0035-2411
856 41 - ELECTRONIC LOCATION AND ACCESS
Uniform Resource Identifier <a href="https://shs.cairn.info/revue-d-histoire-litteraire-de-la-france-2008-4-page-955h?lang=fr&redirect-ssocas=7080">https://shs.cairn.info/revue-d-histoire-litteraire-de-la-france-2008-4-page-955h?lang=fr&redirect-ssocas=7080</a>

Pas d'exemplaire disponible.

PLUDOC

PLUDOC est la plateforme unique et centralisée de gestion des bibliothèques physiques et numériques de Guinée administré par le CEDUST. Elle est la plus grande base de données de ressources documentaires pour les Étudiants, Enseignants chercheurs et Chercheurs de Guinée.

Adresse

627 919 101/664 919 101

25 boulevard du commerce
Kaloum, Conakry, Guinée

Réseaux sociaux

Powered by Netsen Group @ 2025